[Event "Presov"]
[Site "Presov"]
[Date "1999.08.22"]
[Round "9"]
[White "Stocek, Jiri"]
[Black "Chernyshov, Konstantin"]
[Result "1/2-1/2"]
[WhiteElo "2532"]
[BlackElo "2483"]
[Annotator "Tsesarsky,I"]
[PlyCount "93"]
[EventDate "1999.08.14"]
[EventType "tourn"]
[EventRounds "9"]
[EventCountry "SVK"]
[EventCategory "10"]
[SourceTitle "CBM 073"]
[Source "ChessBase"]
[SourceDate "1999.12.01"]
[SourceVersion "1"]
[SourceVersionDate "1999.12.01"]
[SourceQuality "1"]

1. e4 c5 2. Nf3 Nc6 3. d4 cxd4 4. Nxd4 Nf6 5. Nc3 d6 6. Bg5 e6 7. Qd2 a6 8.
O-O-O h6 9. Bf4 Bd7 10. Nxc6 Bxc6 11. f3 Qa5 $2 $16 {Chernyshov's openning...}
(11... Qb6 {-one of main lines}) (11... d5 {-one of main lines}) 12. Kb1 $2
$132 (12. Bxd6 $1 Rd8 (12... O-O-O 13. Qf4 (13. e5 $2 Bxd6 14. exd6 Ne8 15. Bd3
(15. Qf4 Qg5 16. Qxg5 hxg5 17. Bd3 Nxd6 $11) 15... Nxd6 16. Kb1 Rd7 17. Qf2 {
1/2-1/2 Anka,E-Csom,I/Bucharest Caissa ,EXT 1993 (17)}) 13... Bxd6 (13... Nh5
14. Qe5 Qxe5 15. Bxe5 Rxd1+ 16. Nxd1 Bc5 17. g3 Rd8 18. Bc4 b5 19. Bb3 a5 20.
a3 b4 21. axb4 axb4 22. g4 $16) 14. Rxd6 e5 (14... Rxd6 15. Qxd6 Rd8 16. Qf4
$16) (14... Qc5 15. Rxd8+ Rxd8 16. Bd3 $16) 15. Qd2 Rxd6 16. Qxd6 Rd8 17. Qe7
Qb6 18. Bc4 Qf2 19. Bxf7 Qxg2 20. Be6+ Nd7 21. Rd1 $16) 13. Qf4 (13. e5 Bxd6
14. exd6 O-O 15. Qf4 Ne8 $44 {[%csl Rd6]} (15... Qc5 16. Qc4 Qxc4 17. Bxc4 Ne8
18. Rd4 Rxd6 19. Rhd1 Rxd4 20. Rxd4 Nf6 $11)) 13... Bxd6 14. Rxd6 O-O 15. Rxd8
Rxd8 16. Bd3 b5 17. a3 Qb6 18. Re1 Nd7 19. Rd1 (19. Qe3 Nc5 20. Bf1 (20. b4
Nxd3+ 21. cxd3 Qc7 22. h3 (22. Kb2 Qxh2 $15) 22... a5 23. Rd1 axb4 24. axb4 Qd6
25. Qc5 Qxc5 (25... Qb8 26. Kb2 Rc8 27. Qf2 (27. Qe7 Re8 28. Qc5 Rc8) 27... Qd6
28. Na2 $16) 26. bxc5 b4 27. Na2 $16) 20... b4 21. axb4 Qxb4 22. Rd1 Rb8 23. b3
Qa3+ 24. Kd2 Rd8+ 25. Ke1 $16) 19... a5 20. Bxb5 Bxb5 21. Nxb5 Qxb5 22. Qc7
Qg5+ 23. f4 Qe7 24. Qxa5 $44 {1/2-1/2 Mariotti,S-Robatsch,K/Rome(2) 1982 (51)})
12... Rd8 (12... O-O-O 13. Bc4 b5 14. Bb3 b4 15. Ne2 d5 16. Nd4 Bb7 17. Rc1 $16
{[%csl Rc8][%cal Gc2c3] 1-0 Walek,M-Chernyshov,K/Trinec CZE 1998 (28)}) 13. Bd3
(13. Bc4 Be7 14. Bb3 b5 15. a3 Qb6 16. Rhe1 $11 {0-1 Nguyen Anh
Dung-Chernyshov,K/Budapest HUN 1999 (69)}) 13... Be7 14. Rhe1 Nd7 15. Bf1 (15.
Bg3 Nc5 (15... Ne5 16. Be2 Rc8 17. f4 Ng6 18. f5 $1 $14 {[%csl Re6,Re8][%cal
Ge2h5]}) 16. Bf1 $132) 15... Ne5 16. Qf2 (16. Bg3 {[%cal Gf3f4]} Rc8 17. f4 Nd7
$132) 16... O-O 17. Be3 Nd7 18. g4 (18. Bd4 b5 $132) 18... Bf6 19. Bd4 Bxd4 20.
Rxd4 Qc5 21. Red1 Ne5 (21... e5 22. R4d2 Qxf2 23. Rxf2 Nf6 24. Rfd2 $16) (21...
b5 $1 22. Qd2 Ne5 23. b4 (23. Be2 b4 $19) 23... Qb6 24. Be2 a5 25. Rxd6 (25. a3
axb4 26. axb4 Ra8 $40) 25... Rxd6 26. Qxd6 axb4 27. Qxb4 Qf2 $44) 22. f4 $5 (
22. Qg3 $1 {[%cal Gf3f4]} f6 (22... f5 $2 23. f4 (23. gxf5 exf5 24. f4 fxe4 25.
Nxe4 (25. fxe5 Rxf1 26. Rxf1 Qxd4 27. Rd1 Qc4 28. exd6 b5 29. Qe5 b4 30. Rd4
Qf1+ 31. Nd1 Re8 32. Qc5 Bd7 33. Qc7 Qb5 34. Ne3 Rc8 35. Qa7 $132) 25... Bxe4
26. Rxe4 Nf7 27. Re7 $16) 23... Nxg4 24. Bc4 d5 25. exf5 exf5 26. Nxd5 Kh8 27.
c3 $14) (22... Rd7 $1 23. f4 Ng6 24. h4 (24. e5 Rfd8 $132 (24... d5 25. f5 $16)
) 24... Nxf4 $1 25. e5 (25. Qxf4 e5 $17) 25... Ng6 26. exd6 Rfd8 27. h5 Nf8 28.
Be2 $132) 23. f4 Nf7 24. f5 e5 25. R4d2 $14 {[%csl Rd5,Rd6]}) 22... Nxg4 23.
Qg3 h5 (23... Nf6 24. e5 Ne8 25. Bh3 $44 (25. f5 exf5 26. exd6 Nf6 27. Rc4 Qa5
28. Rh4 Kh8 $44)) 24. e5 (24. Be2 Nh6 (24... Rd7 25. Bxg4 hxg4 26. Qxg4 Rc8 27.
f5 Qe5 28. h4 (28. fxe6 fxe6 29. Qg3 Qxg3 30. hxg3 Rcd8 $11) 28... exf5 29.
exf5 Re8 30. h5 Qf6 $132) 25. h3 {[%csl Rh6][%cal Gg3g5]} f6 26. Rc4 Qb6 27.
Bxh5 d5 28. Rg1 Rd7 29. Na4 Qc7 30. exd5 exd5 31. Rc5 $132) 24... g6 (24... Rd7
25. Rxd6 (25. Bh3 Rfd8 $11) 25... Rxd6 26. Rxd6 (26. exd6 Ne3 27. Qf2 b6 28.
Rd2 Nxf1 29. Qxf1 Rd8 $15) 26... f6 27. Be2 fxe5 28. fxe5 Nxe5 29. Rxe6 Rf5
$132) 25. Bh3 b5 $1 (25... f5 $2 26. Rxd6 Rxd6 27. Rxd6 g5 28. Rxe6 (28. fxg5
Nxe5 29. Rxe6 f4 30. Qe1 Nf3 31. Qd1 (31. Rg6+ Kh8 (31... Kh7 32. Rxc6 $1 Qxc6
33. Qe7+ $18) 32. Qd1 Qe3 33. Rd6 $16 (33. Re6 Nd2+ 34. Ka1 Qxh3 35. Rh6+ Kg8
36. Qxd2 Qe3 37. Qd6 Be8 38. a4 $1 (38. Rh8+ Kxh8 39. Qxf8+ Kh7 40. a4 f3 41.
Nd5 Qe1+ 42. Ka2 f2 43. Qh6+ Kg8 44. Nf6+ Kf7 45. Qxh5+ Ke6 46. Qxe8+ Kf5 47.
Ne4 $1 Kf4 $1 $44 (47... Qxe4 48. Qf7+ Kxg5 49. Qxf2 Qxa4+ 50. Kb1 $18)) 38...
Kg7 (38... f3 39. Nd5 $18) 39. Rf6 Rxf6 40. Qxf6+ Kg8 41. Nd5 Qg1+ 42. Ka2 Bf7
43. c4 Bxd5 44. cxd5 Qc5 45. Qxf4 $18)) 31... Ne5 32. Qxh5 (32. Rf6 f3 33. Be6+
Kg7 34. Rxf8 Qxf8 35. h4 (35. Qd4 f2 36. Bh3 (36. Qxe5+ Kg6 $19) 36... f1=Q+
37. Bxf1 Qxf1+ 38. Nd1 Qe2 $17) 35... f2 36. Bh3 Qf4 $44) 32... Qg1+ 33. Nd1
Rd8 34. Kc1 (34. Rg6+ Nxg6 35. Qxg6+ Kf8 36. Qf6+ Ke8 37. Qe5+ Kf8 38. Qxf4+
Ke7 $11) (34. Bg4 f3 35. Rg6+ Nxg6 36. Qxg6+ Kf8 37. Qf6+ Ke8 38. Bh5+ Kd7 39.
Kc1 f2 40. Qxf2 Qxg5+ 41. Qd2+ Qxd2+ 42. Kxd2 Ke7+ 43. Ke3 Rh8 $44) 34... Qd4
35. Rg6+ Nxg6 36. Qxg6+ Kf8 37. Qh6+ $11) 28... gxf4 29. Qxf4 Qg1+ 30. Qc1 (30.
Qf1 Qxf1+ 31. Bxf1 Nxh2 32. Bxa6 f4 $44) 30... Qxc1+ 31. Kxc1 Nxh2 $11) (25...
Rde8 $2 26. Bxg4 hxg4 (26... dxe5 27. fxe5 (27. Bxh5 exd4 28. Bxg6 Kh8 $8 (
28... fxg6 29. Qxg6+ Kh8 30. Qh6+ Kg8 31. Rg1+ Kf7 32. Qg7#) 29. Qh4+ Kg7 30.
Ne4 (30. Qh7+ Kf6 31. Qh4+ Kg7 $11) 30... Bxe4 31. Bxe4 d3 {[%csl Gg1]} (31...
Rg8 32. Rg1+ Kf8 33. Rxg8+ Kxg8 34. Qh6 Qc7 35. Bh7+ Kh8 36. f5 d3 (36... exf5
37. Bxf5+ Kg8 38. Bh7+ Kh8 39. Bd3+ Kg8 $11) 37. Bg6+ (37. cxd3 Rc8 38. Bg6+
Kg8 39. Bh7+ $11) 37... Kg8 38. Bh7+ $11) 32. Qg3+ Kf6 33. Qh4+ Kg7 $11) 27...
hxg4 28. Rxg4 b5 29. Rdd4 {[%cal Gg4g6]} Kg7 30. b4 Qe7 31. h4 Rh8 32. Rdf4 Rd8
33. Rf6 Be8 34. Qf4 (34. Ne2 Rh5 35. a3 Qc7 36. Rg5 (36. Nf4 Rd1+ 37. Kb2 Qxe5+
$19) 36... Rd2 $17) 34... a5 35. Qg5 Rd7 36. Nxb5 Qd8 (36... axb4 37. Nd6 Qd8
38. Nxe8+ Qxe8 39. h5 $16) 37. h5 Rh6 38. hxg6 fxg6 (38... Rxg6 39. Rxg6+ fxg6
40. Nd6 $18) 39. Kb2 (39. Rxe6 Qxg5 40. Rxg5 Rd1+ 41. Kb2 Bxb5 42. bxa5 $44)
39... axb4 40. Rxe6 $16) 27. Rxd6 Bf3 28. R1d3 $16) 26. b4 Qb6 27. Rxd6 (27.
Bxg4 hxg4 28. Rxd6 Rxd6 29. Rxd6 Rd8 30. Rxd8+ Qxd8 31. Qxg4 $2 (31. Qd3 Qxd3
32. cxd3 Kg7 33. Kc2 (33. Ne2 f6 34. Nd4 Bd5 35. a3 g5 36. exf6+ Kxf6 37. fxg5+
Kxg5 38. Ne2 Bf3 39. Nd4 e5 $17) 33... Kh6 34. Kd2 Kh5 35. Ke3 Kh4 36. Nd1 $11)
31... Qd4 $17) 27... Rxd6 28. Rxd6 Rd8 29. Bxg4 $2 $17 (29. Rxd8+ Qxd8 30. Bxg4
hxg4 31. Qd3 $11) 29... Rxd6 30. exd6 hxg4 31. Qd3 (31. a3 Bf3 32. f5 gxf5 33.
Qe5 Qc6 $17) 31... Kf8 (31... Qg1+ 32. Kb2 Qxh2 33. d7 (33. Qd4 g3 34. Qb6 g2
35. Ne2 Qh8+ 36. c3 (36. Kc1 Qh5 37. Ng1 Qd5 $19) 36... Qh5 37. Ng1 Qd5 $19)
33... Bxd7 34. Qxd7 Qxf4 35. a3 g3 $17) 32. Kb2 Ke8 33. a3 (33. Qd1 f5 (33...
Kd7 34. Qxg4 Qd4 35. a3 Kxd6 $15) 34. Qe2 Kd7 35. Qe5 Qf2 $17) 33... Kd7 34.
Qg3 Bf3 35. h3 f5 36. hxg4 fxg4 37. Qh4 Qxd6 (37... Kxd6 $17) 38. Qh7+ Kc6 $2
$11 {Difficultly be exact up to the end.} (38... Kd8 39. Qxg6 Kc7 40. Qg7+ Kb6
41. Qg5 Qd4 $17) 39. Qa7 $1 Qxf4 40. Qxa6+ Kd7 41. Qxb5+ Ke7 42. Qc5+ Kf7 43.
Nb5 g3 44. Nd6+ Kf6 45. Ne8+ Kf7 46. Nd6+ Kf6 47. Ne8+ 1/2-1/2

[Event "Tan Chin Nam Cup 5th"]
[Site "Shenyang"]
[Date "1999.07.14"]
[Round "6"]
[White "Wang, Zili"]
[Black "Bu, Xiangzhi"]
[Result "1/2-1/2"]
[WhiteElo "2524"]
[BlackElo "2465"]
[Annotator "Tsesarsky,I"]
[PlyCount "86"]
[EventDate "1999.07.08"]
[EventType "tourn"]
[EventRounds "9"]
[EventCountry "CHN"]
[EventCategory "13"]
[SourceTitle "CBM 073"]
[Source "ChessBase"]
[SourceDate "1999.12.01"]
[SourceVersion "1"]
[SourceVersionDate "1999.12.01"]
[SourceQuality "1"]

{[%mdl 256]} 1. e4 c5 2. Nf3 Nc6 3. d4 cxd4 4. Nxd4 Nf6 5. Nc3 d6 6. Bg5 e6 7.
Qd2 a6 8. O-O-O h6 9. Be3 Qc7 10. f4 Bd7 11. h3 b5 $2 {If Black want to play
b7-b5 - better play it without Qc7.} 12. Bd3 $6 (12. Bxb5 $1 $16 {All of games
played with this variation were better for white.} axb5 13. Ndxb5 Qb8 14. Nxd6+
Bxd6 15. Qxd6 Qxd6 16. Rxd6 Na5 (16... Ne7 17. Rhd1 $1 (17. Bc5 $2 Bc6 18. Rd4
Nd7 19. Bb4 (19. Bd6 $132) 19... g5 (19... f5 20. Re1 fxe4 21. Nxe4 Nf5 22.
Nd6+ Kd8 $132) 20. fxg5 hxg5 21. Rhd1 $132 {1-0 Short,N-Ljubojevic,L/Belfort
1988/Inf 45 (83)}) 17... Bc6 18. Bb6 Nd7 19. Bf2 Rc8 20. a4 Nf6 21. R1d4 g5 22.
f5 O-O (22... e5 23. Rc4 $16) 23. g4 $16 {0-1 Mueller,M-Andresen,S/BL 1994 (37)
}) 17. b3 (17. Rd4 Rc8 18. Bd2 (18. e5 Nd5 19. Nxd5 exd5 20. Rxd5 Bf5 21. Rc5 (
21. Rxa5 Rxc2+ 22. Kd1 O-O 23. b3 (23. g4 Rd8+ 24. Ke1 Rxb2 25. gxf5 Rb1+ 26.
Ke2 Rxh1 $17) 23... Rd8+ 24. Ke1 Rd3 $44) 21... O-O 22. g4 Be4 23. Re1 Nb7 24.
Rxc8 Rxc8 25. c3 $16 {1-0 Rechel,B-Lanka,Z/BL 1995 (80)}) 18... e5 19. fxe5 Nc6
20. Rc4 Nxe5 21. Rxc8+ Bxc8 22. Bf4 Ng6 $132 {1-0 Hall,J-Degerman,L/Lidkoping
Sweden ch 1996 (39)}) 17... Bc6 (17... Rc8 18. Bd2 Nb7 19. Rd4 Nc5 20. e5 Nd5
21. Nxd5 exd5 22. Rxd5 Be6 23. Rd6 $14 {1/2-1/2 Shabalov,A-Sutovskij,E/Las
Vegas 1993 (28)}) 18. Rd4 O-O 19. b4 Nb7 20. Kb2 Rfd8 21. b5 (21. Rhd1 Nxe4 $1
22. Nxe4 Bxe4 23. Rxd8+ Rxd8 24. Rxd8+ Nxd8 $17) 21... Be8 22. Rhd1 $16 (22.
Rxd8 Rxd8 23. a4 $16 (23. Kb3 Rc8 24. a4 $16 (24. Kb4 Nd6 $14 {1/2-1/2
Gallagher,J-Xu Jun/Cannes 1997/EXP 57 (39)})))) 12... Na5 (12... Be7 13. g4
Nxd4 14. Bxd4 b4 15. Ne2 e5 16. Be3 a5 17. Kb1 Qb7 18. Ng3 $132 {1-0
Beckemeyer,W-Andresen,S/BL 1993 (49)}) (12... Nxd4 13. Bxd4 e5 14. Bf2 Bc6 15.
Rhe1 Be7 16. g4 Nd7 17. Kb1 exf4 18. Qxf4 Ne5 19. Nd5 Bxd5 20. exd5 O-O (20...
O-O-O 21. a4 $16 {1-0 Wallace John Paul-Speck Nicholas/Melbourne Australia ch
1994 (34)}) 21. Qe4 Nxd3 22. Rxd3 Bf6 $14) 13. Kb1 (13. Qf2 Nc4 14. Kb1 Rc8 15.
Bxc4 Qxc4 16. e5 b4 17. exf6 bxc3 18. b3 Qb4 19. f5 e5 20. fxg7 Bxg7 21. f6 Bf8
22. Nf5 Rg8 23. Bc1 (23. Nxh6 Rg6 24. Ng4 Bxg4 25. hxg4 Qxg4 $132) 23... Be6
24. Rd3 $132 {1/2-1/2 Timoscenko,G-Lanka,Z/Caciulata 1992 (30)}) (13. g4 Nc4
14. Bxc4 Qxc4 15. Qd3 Rc8 16. Qxc4 Rxc4 17. e5 b4 18. exf6 bxc3 19. b3 Rc8 20.
fxg7 Bxg7 21. Rhf1 $132 {0-1 Vehi Bach,V-Spraggett,K/Andorra op (2) 1993 (31)})
(13. Qe2 Rc8 14. Nf3 b4 15. Nb1 Nc4 16. Bf2 a5 17. Nbd2 Nxd2 18. Rxd2 Be7 $132
{0-1 Jonsson,M-Degerman,L/SWE-ch Borlange 1995 (30)}) 13... Be7 (13... Nc4 14.
Qe2 (14. Bxc4 Qxc4 15. e5 b4 (15... dxe5 16. fxe5 Nd5 (16... b4 17. exf6 bxc3
18. fxg7 Bxg7 {[%tqu "En","?","","","d4f5","",10]} 19. Nf5 $1 cxd2 20. Nd6+ Ke7
21. Nxc4 $16) 17. Nxd5 Qxd5 18. Rhf1 Qe4 (18... Qxe5 19. Nf3 Qc7 20. Ne5 $16)
19. Rf4 $16) 16. exf6 bxc3 17. fxg7 Bxg7 18. Qxc3 Qxc3 19. bxc3 Ke7 $132 {
1/2-1/2 Wang Zili-Petursson,M/Copenhagen K41 1995/CBM 48/ (44)}) 14... Rc8 15.
Bxc4 Qxc4 16. e5 b4 17. exf6 bxc3 18. Qxc4 Rxc4 19. b3 Rc8 20. fxg7 Bxg7 21. g4
h5 $132 {1-0 Varavin,V-Dunnington,A/Paris op 1996/EXT 96op2 (43)}) 14. g4 b4 (
14... Nc4 15. Bxc4 Qxc4 16. g5 hxg5 17. fxg5 Nh5 (17... Nh7 18. h4 b4 19. Nce2
Rc8 20. Ng3 $132) 18. e5 d5 19. g6 f6 (19... Bb4 20. gxf7+ Kxf7 $132 (20... Kf8
$4 21. Qf2 (21. Nde2 $4 Bxc3 22. Nxc3 Ng3 23. b3 Qc6 24. Qf2 Nf5 25. Ne2 $14 {
1-0 Hartman,C-Sher,M/Karsten Kold, Gistrup DEN 1997 (40)}) 21... Bxc3 22. bxc3
$18 {[%csl Rf8][%cal Ge3c5,Gc5f8]})) 20. exf6 Nxf6 $132) 15. Nce2 Nc4 16. Bxc4
Qxc4 17. Ng3 g6 (17... Rc8 18. g5 (18. Qd3 $11) 18... hxg5 19. fxg5 Nh5 20.
Nxh5 Rxh5 21. Qg2 $132) 18. Qd3 Rc8 (18... Qxd3 19. cxd3 e5 20. fxe5 dxe5 21.
Nf3 Bd6 22. d4 exd4 $2 (22... Ba4 $2 23. b3 exd4 24. Bxd4 Bxg3 25. Bxf6 Bc6 26.
Rd4 (26. Bxh8 Bxe4+ 27. Kb2 Bxf3 28. Rhe1+ Kf8 $15) 26... O-O 27. Rc1 Bb5 28.
Rxb4 Rfe8 29. Rc3 $14) (22... Bc6 $1 {[%csl Re4]} 23. d5 Bb5 $132) 23. Bxd4
Bxg3 24. Bxf6 $16 {[%csl Re8,Rh8]}) 19. Nf3 Bb5 $6 $14 {P sacrifice} (19...
Qxd3 20. cxd3 $11) 20. Qxc4 Rxc4 21. Bd4 O-O 22. Bxf6 Bxf6 23. Rxd6 Rfc8 24.
Rc1 $2 $11 (24. Rh2 $14) (24. Rd2 $14) 24... a5 $2 (24... Bxb2 $1 25. Kxb2 Rc3
26. Nd4 Rxg3 27. Nxb5 axb5 $11) 25. f5 $2 $132 (25. Rd2 $14) 25... Ba4 26. Rd2
(26. b3 $2 Rc3 27. bxa4 Rxf3 28. Rd3 (28. Rg1 Be5 29. Rd3 Rxd3 30. cxd3 Rc3 $17
) 28... Rc3 29. Ne2 Rcxd3 30. cxd3 exf5 31. exf5 gxf5 32. Rc5 fxg4 33. hxg4
Rxd3 34. Rxa5 Rd2 $17) 26... Bc6 (26... exf5 27. exf5 Bc6 28. Rf1 Rf4 $44) 27.
Re1 (27. fxg6 fxg6 28. Re2 a4 $44) 27... a4 28. fxe6 fxe6 29. e5 Bg7 (29...
Bxf3 30. exf6 Kf7 31. Rf1 Bd5 $14) 30. Nd4 Rd8 31. Nge2 (31. Red1 Bxe5 32. Nxc6
(32. Nge2 Be4 33. b3 axb3 34. axb3 Rcc8 $17 {[%csl Rb1][%cal Ge5a1,Gc8a8]})
32... Rxd2 33. Rxd2 Rxc6 34. Ne4 Kf7 $15) 31... Bxe5 32. b3 $1 (32. Red1 Be4
$15) 32... axb3 33. axb3 Rc5 (33... Rcxd4 34. Nxd4 Bxd4 35. Rxe6 Bg2 36. Rxg6+
(36. Rxg2 {[%tqu "En","?","","","d4c3","",10]} Bc3 $1 37. Kc1 Ra8 38. Kd1 Ra1+
39. Ke2 Re1+ 40. Kd3 Rxe6 $19) 36... Kh7 37. Ra6 $44) 34. Nxe6 $1 {Rescues game
} Ra8 (34... Rxd2 35. Nxc5 Bb5 36. Nc1 $44) 35. Rd8+ $1 Rxd8 36. Nxc5 $1 {
Good decision.} (36. Nxd8 $2 Bg2 (36... Ra5 37. c3 Be4+ 38. Kb2 Rc5 39. Ne6
Rxc3 40. N2d4 Rc2+ 41. Ka1 Rc6 $1 42. Rxe4 Rxe6 43. Kb1 Rd6 44. Ne2 $14) 37.
Nc1 Ra5 38. c4 bxc3 (38... Bxh3 39. Nc6 Ra1+ 40. Kc2 Bc3 41. Rg1 Kg7 $132) 39.
Nd3 Bf6 40. Nf4 (40. Re8+ Kg7 41. Nf4 Bd5 42. Nxd5 Rxd5 43. Nb7 Rd1+ 44. Kc2
Rd2+ 45. Kc1 Bg5 $19) 40... Bd5 41. Nxd5 Rxd5 42. Ne6 Rd2 $17) 36... Ra8 37.
Kc1 Bf6 38. Nd3 Bb5 39. Rd1 Bxd3 40. cxd3 Ra1+ 41. Kd2 Bg5+ 42. Ke1 Bh4+ 43.
Kd2 Bg5+ 1/2-1/2

[Event "Tan Chin Nam Cup 5th"]
[Site "Shenyang"]
[Date "1999.07.10"]
[Round "3"]
[White "Sutovsky, Emil"]
[Black "Wang, Zili"]
[Result "0-1"]
[WhiteElo "2587"]
[BlackElo "2524"]
[Annotator "Tsesarsky,I"]
[PlyCount "100"]
[EventDate "1999.07.08"]
[EventType "tourn"]
[EventRounds "9"]
[EventCountry "CHN"]
[EventCategory "13"]
[SourceTitle "CBM 073"]
[Source "ChessBase"]
[SourceDate "1999.12.01"]
[SourceVersion "1"]
[SourceVersionDate "1999.12.01"]
[SourceQuality "1"]

1. e4 c5 2. Nf3 d6 3. d4 cxd4 4. Nxd4 Nf6 5. Nc3 Nc6 6. Bg5 e6 7. Qd2 a6 8.
O-O-O h6 9. Nxc6 bxc6 10. Bf4 d5 11. Qe3 (11. a3 Be7 12. Bd3 Bb7 13. h4 Nd7 14.
exd5 cxd5 15. g4 Bxh4 16. Kb1 Be7 17. g5 h5 18. g6 $44 {Murrey-Martin 
Manchester 1981}) 11... Bb4 (11... Be7 12. Be2 Bb7 13. Qg3 g6 14. Bc7 $1 Qc8
15. Bf3 O-O 16. Na4 Nd7 17. Kb1 a5 18. c4 $16 {Shekachev-Pochikeev,1997
Smolensk}) 12. Be2 (12. a3 Be7 (12... Ba5 13. Be2 Bb7 (13... O-O 14. e5 Nd7 (
14... Bxc3 15. Qxc3 Ne4 16. Qe3 f6 17. f3 fxe5 18. Bxe5 $16 {1/2-1/2 Degraeve,
J-Apicella,M/Bescanon FRA 1999 (45)}) 15. Qg3 Bc7 (15... Kh8 16. Qh3 $40) (
15... Bxc3 16. Qxc3 $16) 16. Kb1 $1 Bb8 17. Rhe1 f5 18. Bh5 $16 {Greenfed.A})
14. Qg3 Bxc3 15. Qxc3 Nxe4 16. Qxg7 Qf6 17. Qxf6 Nxf6 18. Rd3 $16) 13. Be2 Nd7
(13... O-O 14. Qg3 Kh8 15. Bc7 (15. Be5 Bd7 16. exd5 cxd5 17. Rd4 Ne8 18. Bd3
Rc8 19. Re1 Rxc3 20. bxc3 Bxa3+ $44 {1-0 Fedorchuk,S-Vuckovic,B/Calicut IND
1998 (38)}) 15... Qd7 16. Be5 Qb7 17. exd5 cxd5 (17... exd5 $14) 18. Rd4 Ne8
19. Bd3 Bf6 20. Re1 Bd7 21. Rb4 $14 {0-1 Botvinnik,I-Greenfeld,A/Invitational,
Rishon LeZion ISR 1997 (35)}) (13... Qa5 14. Qg3 Bxa3 15. exd5 cxd5 (15... exd5
16. Qxg7 Qxc3 (16... Bxb2+ 17. Kxb2 Qb4+ 18. Ka2 $18) 17. Qxh8+ Ke7 (17... Kd7
18. Bg4+ $18) 18. Bd6+ $1 Kxd6 19. Qf8+ $16) 16. Bc7 $1 Qb4 17. bxa3 Qxa3+ 18.
Kd2 Qb4 19. Qxg7 $1 Ne4+ 20. Ke1 Qxc3+ 21. Qxc3 Nxc3 22. Be5 $16 {Greenfeld})
14. h4 O-O (14... e5 15. Bxe5 $1 Nxe5 16. exd5 $16) 15. Qg3 Kh8 16. Bc7 Qe8 17.
Rhe1 Ra7 18. Bf3 d4 19. Rxd4 e5 20. Rxd7 Bxd7 21. Bxe5 $16 {1-0 Shchekachev,
A-Lomineishvili,M/Smolensk RUS 1997 (50)}) 12... O-O (12... Bxc3 $6 13. Qxc3
Nxe4 14. Qxg7 Qf6 15. Qxf6 Nxf6 $16 {1-0 Sutovskij,E-Gershon,A/New York 1998/
CBM 64/[Gofshtein,L] (55)}) (12... Qa5 13. Be5 (13. exd5 $1 cxd5 (13... Bxc3
14. dxe6 Nd5 (14... Bxb2+ 15. Kxb2 Bxe6 16. c4 O-O $15 {[%csl Rb2]}) 15. exf7+
Kxf7 16. Rxd5 Bxb2+ 17. Kxb2 cxd5 18. Bh5+ g6 19. Be5 Rg8 20. Qf4+ Ke8 $8 21.
Bc7 Qc5 22. Re1+ Kd7 23. Bg4+ Kc6 24. Qf6+ Kb7 (24... Kxc7 25. Re7+ $18) 25.
Bd6 Qb5+ 26. Ka1 Bxg4 27. Rb1 $18) 14. Be5 Bb7 (14... Bxc3 15. Qxc3 Qxc3 16.
Bxc3 $14) 15. Qg3 $14) 13... Bxc3 14. Bxc3 Qxa2 15. Bxf6 gxf6 16. Qc3 Rb8 $17 {
1/2-1/2 Fontaine,R-Gross,D/Clichy FRA 1998 (60)}) 13. e5 Nh7 $146 (13... Nd7
14. Qg3 Kh8 15. Qh3 Kg8 (15... Be7 16. Kb1 $132 (16. Rd3 Bg5 17. Qe3 Bxf4 18.
Qxf4 Qc7 $17 {[%csl Re5]})) 16. Rd3 Qe7 (16... Rb8 17. Rg3 $16) 17. Rg3 {
[%csl Rh6][%cal Gg3g7]} Nxe5 $1 18. Bxe5 (18. Rxg7+ Kxg7 19. Qxh6+ Kg8 20. Bxe5
f6 21. Bg3 e5 22. Nd1 Qg7 $17) 18... f6 19. Bd4 $1 (19. a3 Bc5 20. Qxh6 (20.
Bf4 e5 21. Qxh6 exf4 22. Qxf4 Bd6 23. Qh4 g5 24. Qh5 Bxg3 25. hxg3 Bf5 26. Qh8+
Kf7 $17) 20... fxe5 21. Bd3 e4 22. Nxe4 dxe4 23. Bxe4 Rf5 24. Bxf5 exf5 25.
Qxc6 $44 {0-1 Greenfeld,A-Tyomkin,D/Ramat Aviv ISR 1998 (37)}) 19... e5 20.
Qxh6 exd4 21. Bd3 f5 22. Ne2 Bd6 23. Rg6 Be5 24. f4 Bf6 25. Ng3 $16) 14. h4 (
14. Qg3 Kh8 15. a3 Be7 16. Ne4 Rb8 17. Be3 Bh4 (17... Qc7 18. Nc5 Qa5 19. Nb3
Qc7 20. f4 c5 21. Bd2 Bb7 $132) (17... Qa5 18. Nd6 Bxd6 (18... c5 19. Bh5 Qb6
20. b3 (20. Nxf7+ Rxf7 21. Bxf7 Qxb2+ 22. Kd2 Rb3 (22... Qxa3 23. Rb1 Qa5+ 24.
Ke2 Rxb1 25. Rxb1 Qa2 26. Rb8 Qxc2+ 27. Bd2 Qe4+ 28. Kf1 $18) 23. Qg4 Rxa3 24.
Bxe6 Qc3+ 25. Ke2 Qxc2+ 26. Rd2 Bxe6 27. Qxe6 Qc4+ 28. Ke1 Ra1+ 29. Rd1 Qc3+
30. Bd2 Rxd1+ 31. Kxd1 Qa1+ 32. Ke2 Qxh1 33. Qxe7 $16) 20... Bxd6 21. exd6 f6
$15) 19. exd6 c5 20. Bf4 Qb6 21. b3 Bd7 22. Rhe1 $14) 18. Qh3 Be7 (18... Ng5
19. Qxh4 Nxe4 20. Qxd8 Rxd8 21. f3 $16) 19. f4 $14) 14... Be7 15. Rh3 Kh8 16.
g4 Rb8 17. g5 c5 (17... h5 18. Bxh5 Qa5 19. Kb1 Ba3 20. b3 c5 21. Ne2 $16) 18.
gxh6 g6 19. h5 $2 $15 {It was not necessary to go forward at any cost.
Sometimes it is necessary to go back...} (19. Nb1 $1 Qb6 20. Qc3 d4 21. Qa3 Bb7
(21... c4 22. Qxe7 Qxb2+ 23. Kd2 d3 24. Bxd3 cxd3 25. Rxd3 $16) 22. Nd2 $16)
19... Qb6 20. b3 (20. Na4 Qb4 21. b3 (21. hxg6 fxg6 $17 {[%csl Ra4,Rf4]}) 21...
g5 $1 (21... Qa3+ $2 22. Kd2 g5 23. Bh2 g4 24. Rg3 (24. Bxg4 Qb4+ 25. Kc1 Qxg4
$17) 24... Bg5 25. f4 gxf3 26. Rxg5 fxe2 27. Rdg1 Qb4+ 28. Kxe2 Nxg5 29. Rxg5
$16) 22. Bh2 g4 23. Bxg4 (23. Rg3 Bg5 $19) 23... Qxg4 $17) 20... g5 (20... d4
$1 21. Qg3 (21. Na4 dxe3 22. Nxb6 Rxb6 23. hxg6 fxg6 24. Bxe3 Bg5 $15) 21...
dxc3 22. hxg6 fxg6 23. Qxg6 Rg8 24. Qe4 Ng5 (24... Bb7 $15) 25. h7 $1 Rg7 (
25... Nxe4 26. hxg8=Q+ Kxg8 27. Rg1+ $18) 26. Bxg5 Bxg5+ 27. Kb1 Bb7 $15) 21.
Qg3 Rg8 $6 (21... c4 22. Be3 Qa5 23. Bd4 $14) 22. Bd2 (22. Rg1 $6 Bd7 (22...
gxf4 23. Qxg8#) 23. Bd2 c4 $132) 22... c4 23. Be3 Qb4 24. Bd4 a5 (24... cxb3
25. axb3 Bf8 (25... Bb7 26. Kb1 $14) 26. Kb1 Bxh6 27. Na2 $14) 25. Bg4 (25. Na4
$14) 25... Qa3+ $6 $16 (25... Bf8 $14) 26. Kd2 Bc5 27. Qe3 (27. Bxc5 Qxc5 28.
Ke1 $16) 27... Bxd4 28. Qxd4 cxb3 (28... Rb4 29. Qc5 Rxb3 30. Qc6 Rb2 31. Nxd5
Qxa2 32. Ne3 Bb7 33. Qxc4 a4 34. Ke1 $16) 29. axb3 Rb4 30. Qc5 Rxb3 31. Qxa3
Rxa3 32. Rb1 (32. Nb5 Rxh3 33. Bxh3 g4 34. Nd6 Nf6 $1 35. Bf1 Ne4+ 36. Nxe4
dxe4 37. Ra1 Rd8+ 38. Ke3 Rd5 39. Kxe4 Bb7 40. Kf4 Kh7 41. Bg2 Rd4+ 42. Ke3 $16
) 32... f5 33. Nb5 Rxh3 34. Bxh3 g4 35. Nd6 Ng5 36. Bg2 f4 37. c4 $4 $19 {
To give instead of to take...} (37. Ra1 $1 Ba6 (37... Nh3 38. f3 Ng5 39. fxg4
f3 40. Bf1 Ne4+ 41. Ke3 Nxd6 42. exd6 Rxg4 43. Rxa5 $18 {[%csl Gd6]}) (37... f3
38. Bf1 Kh7 39. Rxa5 Kxh6 40. Ra8 $16) 38. Rxa5 f3 39. Bh1 Ra8 40. Ra4 {
[%csl Rf3,Rg4]} Kh7 41. Rxg4 Kxh6 42. Ra4 Kxh5 43. Nb5 Rb8 44. Nd4 Bc4 45.
Bxf3+ $16) 37... dxc4 38. Rb8 Ba6 (38... f3 39. Bf1 Ba6 $17) 39. Rb6 f3 40. Bf1
(40. Bh1 Ra8 $19 {[%csl Rh1]}) 40... c3+ {Here it was possible to resign with
quiet conscience} 41. Kxc3 Bxf1 42. Rb1 Bh3 43. Rg1 Kh7 44. Kd4 Kxh6 45. Nc4 a4
46. Ra1 Ra8 47. Ke3 Kxh5 48. Nb6 Ra6 49. Nd7 a3 50. Nf6+ Kg6 0-1